[Event "Niedersachsen-ch op-B"]
[Site "Verden"]
[Date "2015.01.05"]
[Round "7"]
[White "Kubitza, Katharina"]
[Black "Welz, Joshua"]
[Result "0-1"]
[WhiteElo "1443"]
[BlackElo "1553"]
[PlyCount "92"]
[EventDate "2015.01.02"]
[EventType "swiss"]
[EventRounds "7"]
[EventCountry "GER"]
[SourceTitle "EXT 2018"]
[Source "ChessBase"]
[SourceDate "2017.10.13"]
[SourceVersion "1"]
[SourceVersionDate "2017.10.13"]
[SourceQuality "1"]

1. d4 Nf6 2. c4 e6 3. Nc3 Bb4 4. Bg5 0-0 5. Nf3 b6 6. e4 d6 7. Bd3 h6 8. Bh4 Bb7 9. e5 dxe5 10. dxe5 Bxc3+ 11. bxc3 g5 12. Bxg5 hxg5 13. Nxg5 Kg7 14. exf6+ Qxf6 15. Qc1 Qe5+ 16. Be2 Rh8 17. h4 Kf8 18. f4 Qc5 19. Kf1 Ba6 20. Ne4 Qe7 21. h5 Nd7 22. Qd2 Nc5 23. Qd4 Rh6 24. g4 Bb7 25. Bf3 Rd8 26. Qe3 Rd3 27. Qe2 Rxf3+ 28. Qxf3 Bxe4 29. Qh3 Bxh1 30. Qxh1 Qd6 31. Qf3 Qd3+ 32. Kf2 Qxf3+ 33. Kxf3 f5 34. Rd1 fxg4+ 35. Kxg4 Ke7 36. Kg5 Rh8 37. Kg6 Ne4 38. h6 Nf6 39. h7 Rxh7 40. Re1 Rh4 41. f5 Re4 42. Rf1 Rg4+ 43. Kh6 Rxc4 44. Kg7 Rg4+ 45. Kh6 exf5 46. Rxf5 Kf7 0-1

[Event "Niedersachsen-ch op-B"]
[Site "Verden"]
[Date "2015.01.03"]
[Round "3"]
[White "Brunner, Sophia"]
[Black "Welz, Joshua"]
[Result "1/2-1/2"]
[WhiteElo "1429"]
[BlackElo "1553"]
[PlyCount "76"]
[EventDate "2015.01.02"]
[EventType "swiss"]
[EventRounds "7"]
[EventCountry "GER"]
[SourceTitle "EXT 2018"]
[Source "ChessBase"]
[SourceDate "2017.10.13"]
[SourceVersion "1"]
[SourceVersionDate "2017.10.13"]
[SourceQuality "1"]

1. e4 e5 2. Nf3 Nc6 3. d4 exd4 4. Nxd4 Bc5 5. Nb3 Bb6 6. Nc3 Nf6 7. Qe2 d6 8. Bg5 h6 9. Bh4 0-0 10. 0-0-0 Ne5 11. f3 Ng6 12. Bf2 Bxf2 13. Qxf2 Be6 14. g4 Bxb3 15. cxb3 Nd7 16. h4 Qf6 17. Nd5 Qd8 18. Bd3 Nge5 19. Bc2 Nb6 20. Qg3 Nxd5 21. Rxd5 Ng6 22. h5 Ne7 23. Rd2 Nc6 24. f4 Qf6 25. g5 hxg5 26. fxg5 Qe5 27. Qh4 Nd4 28. Rf2 Nxc2 29. Kxc2 Rae8 30. Rf4 Re6 31. g6 Rf6 32. Rhf1 Rxf4 33. Rxf4 Qc5+ 34. Kb1 Qg1+ 35. Kc2 Qc5+ 36. Kb1 Qg1+ 37. Kc2 Qc5+ 38. Kb1 Qg1+ 1/2-1/2

[Event "Niedersachsen-ch op-B"]
[Site "Verden"]
[Date "2015.01.03"]
[Round "4"]
[White "Welz, Joshua"]
[Black "Kieselbach, Petra"]
[Result "0-1"]
[WhiteElo "1553"]
[BlackElo "1504"]
[PlyCount "50"]
[EventDate "2015.01.02"]
[EventType "swiss"]
[EventRounds "7"]
[EventCountry "GER"]
[SourceTitle "EXT 2018"]
[Source "ChessBase"]
[SourceDate "2017.10.13"]
[SourceVersion "1"]
[SourceVersionDate "2017.10.13"]
[SourceQuality "1"]

1. Nf3 c5 2. g3 Nc6 3. Bg2 e5 4. d3 g6 5. Nbd2 Bg7 6. Rb1 Nge7 7. c4 d6 8. 0-0 0-0 9. Ne4 h6 10. Nc3 Be6 11. b3 Qd7 12. Nd2 Bh3 13. Nde4 Bxg2 14. Kxg2 Kh7 15. Qd2 f5 16. Ng5+ hxg5 17. Qxg5 Nd4 18. h4 Ne6 19. Qe3 f4 20. Qe4 fxg3 21. h5 Nf4+ 22. Bxf4 Rxf4 23. hxg6+ Kg8 24. Qe3 Nf5 25. Qd2 Nh4+ 0-1

[Event "Niedersachsen-ch op-B"]
[Site "Verden"]
[Date "2014.01.05"]
[Round "7"]
[White "Brandes, Janis"]
[Black "Welz, Joshua"]
[Result "0-1"]
[WhiteElo "1188"]
[BlackElo "1197"]
[PlyCount "160"]
[EventDate "2014.01.02"]
[EventType "swiss"]
[EventRounds "7"]
[EventCountry "GER"]
[SourceTitle "EXT 2016"]
[Source "ChessBase"]
[SourceDate "2015.10.08"]
[SourceVersion "1"]
[SourceVersionDate "2015.10.08"]
[SourceQuality "1"]

1. d4 d5 2. c4 c6 3. Nc3 Nf6 4. Bg5 e6 5. e3 Bb4 6. Bd3 h6 7. Bh4 Nbd7 8. Nge2 Qb6 9. Rb1 Qa5 10. a3 Bxc3+ 11. Nxc3 Qc7 12. 0-0 0-0 13. Bg3 Qd8 14. Qf3 Re8 15. Bf4 Qe7 16. Qg3 Nh5 17. Qg4 Nxf4 18. exf4 Nf6 19. Qf3 b6 20. Rfe1 Qd6 21. cxd5 cxd5 22. Re2 Bd7 23. Rbe1 Rab8 24. Nb5 Bxb5 25. Bxb5 Re7 26. f5 a6 27. Bxa6 b5 28. a4 Qxa6 29. axb5 Rxb5 30. fxe6 Rxe6 31. Rxe6 fxe6 32. Qe2 Rb6 33. Qxa6 Rxa6 34. Rb1 Rb6 35. Kf1 Rb4 36. Ke2 Rxd4 37. b4 Rc4 38. b5 Rc7 39. Kd3 Nd7 40. Kd4 Kf7 41. f4 g6 42. g4 Kf6 43. h4 g5 44. fxg5+ hxg5 45. h5 Nb6 46. h6 Kg6 47. Rh1 Rh7 48. Kc5 Nc8 49. Kc6 d4 50. b6 Nxb6 51. Kxb6 Rxh6 52. Rd1 Kf7 53. Kc6 e5+ 54. Kd5 Rh4 55. Kxe5 Rxg4 56. Rxd4 Rxd4 57. Kxd4 Kg6 58. Ke4 Kh5 59. Kf3 Kh4 60. Kg2 Kg4 61. Kg1 Kg3 62. Kf1 Kh2 63. Kf2 g4 64. Kf1 g3 65. Ke2 g2 66. Kf2 g1Q+ 67. Kf3 Qg5 68. Ke4 Qf6 69. Kd5 Qe7 70. Kd4 Qe6 71. Kc5 Qd7 72. Kc4 Qd6 73. Kc3 Qd5 74. Kc2 Qd4 75. Kb3 Qc5 76. Kb2 Qc4 77. Ka3 Qb5 78. Ka2 Qb4 79. Ka1 Kg2 80. Ka2 Kf2 0-1